Normal view
MARC view
Entry Topical Term
001 - CONTROL NUMBER
- control field: 53167
003 - CONTROL NUMBER IDENTIFIER
- control field: OSt
005 - DATE AND TIME OF LATEST TRANSACTION
- control field: 20160421151039.0
008 - FIXED-LENGTH DATA ELEMENTS
- fixed length control field: 160421|| aca||aabn | a|a d
040 ## - CATALOGING SOURCE
- Original cataloging agency: OSt
- Transcribing agency: OSt
150 ## - HEADING--TOPICAL TERM
- Topical term or geographic name entry element: Game
670 ## - SOURCE DATA FOUND
- Source citation: Work cat.: (OSt)49222: डॉ प्रकाश नारायण नाटानी 53166, राष्ट्रीय खेल नीति एवं खेलों की महत्वपूर्ण जानकारी , 2011









